00887nam a2200241 a 450000100060000000300080000600500170001400800410003103500190007204000270009104100080011808200260012610000470015224500450019926000510024430000340029549000460032950001690037550400320054465000200057665000260059665000230062269517BD-RjUL20211209081910.0170412s1969 enka b 001 0 eng  a(BD-RjUL)69729 aDLCcDLCdBD-RjULbeng aeng00a532.593223bGOA 19691 aGolding, R. M.q(Raymund Marshall),d1935-10aApplied wave mechanics /cR. M. Golding. aLondon,aNew York :bVan Nostrand Co.,cc1969. axii, 476 p. :bill. ;c24 cm. aVan Nostrand series in physical chemistry a"Based upon a two-year post-graduate lecture series given during 1964 and 1965 in the Inorganic and Theoretical Chemistry Dept., Victoria University of Wellington." aBibliography: p. [457]-463. 0aWave mechanics. 0aNuclear spectroscopy. 0aQuantum chemistry.